[Event "SVK-chT2B 1617"]
[Site "Slovakia"]
[Date "2017.02.11"]
[Round "8.8"]
[White "Cseplo, Stefan"]
[Black "Krupa, Miroslav"]
[Result "0-1"]
[WhiteElo "1704"]
[BlackElo "1771"]
[PlyCount "88"]
[EventDate "2016.10.08"]
[EventType "team-tourn"]
[EventRounds "11"]
[EventCountry "SVK"]
[SourceTitle "EXT 2018"]
[Source "ChessBase"]
[SourceDate "2017.10.13"]
[SourceVersion "1"]
[SourceVersionDate "2017.10.13"]
[SourceQuality "1"]
[WhiteTeam "Batorove Kosihy"]
[BlackTeam "Tlmace"]
[WhiteTeamCountry "SVK"]
[BlackTeamCountry "SVK"]

1. e4 c5 2. Nf3 d6 3. d4 cxd4 4. Nxd4 Nf6 5. Nc3 a6 6. a4 e6 7. Be2 Nbd7 8. Nb3 b6 9. Be3 Bb7 10. f3 Qc7 11. a5 b5 12. 0-0 Be7 13. Kh1 0-0 14. Qd2 d5 15. exd5 Nxd5 16. Nxd5 Bxd5 17. Nd4 Bf6 18. c3 Nc5 19. b4 Bxd4 20. Qxd4 Nb3 21. Qg4 Nxa1 22. Rxa1 f5 23. Qd4 Rfd8 24. Bf4 Qc6 25. Qe5 Bc4 26. Bxc4 Qxc4 27. Be3 Qd5 28. Bd4 Qxe5 29. Bxe5 Rd5 30. f4 Rad8 31. Rg1 Kf7 32. h3 Rd1 33. g4 Rxg1+ 34. Kxg1 Rd3 35. Kg2 h6 36. g5 hxg5 37. fxg5 Rd5 38. Bd4 e5 39. Bf2 Rd3 40. Be1 f4 41. h4 Kg6 42. Kf2 e4 43. Ke2 Kh5 44. Bd2 f3+ 0-1